Sports Quiz

Random Sports or NFL Quiz

Can you Name all the NFL MVP's Quiz Stats

 Plays Quiz not verified by Sporcle

Challenge
Share
Tweet
Embed
Score 0/60 Timer 10:00
0 Plays Today
Year Name % Correct
2007???
100%
2008???
100%
2009???
100%
2010???
100%
2011???
100%
2013???
100%
2014???
100%
1957???
98.5%
1958???
98.5%
1965???
98.5%
1972???
98.5%
2006???
97%
2015???
97%
2016???
97%
1959???
95.5%
1964???
95.5%
1967???
95.5%
1989???
95.5%
1990???
95.5%
1992???
95.5%
1994???
95.5%
1995???
95.5%
1996???
95.5%
1997???
93.9%
2012???
93.9%
1962???
92.4%
1986???
92.4%
1999???
92.4%
2001???
92.4%
1988???
90.9%
Year Name % Correct
1993???
90.9%
2000???
90.9%
2005???
90.9%
1977???
89.4%
1987???
89.4%
1978???
87.9%
1984???
87.9%
1998 ???
87.9%
2002???
87.9%
2003???
87.9%
1985???
86.4%
1991???
86.4%
1973???
84.8%
2004???
84.8%
1975???
81.8%
1966???
80.3%
1974???
80.3%
1979???
80.3%
1983???
80.3%
1981???
77.3%
1963???
69.7%
1980???
59.1%
1961???
54.5%
1968???
47%
1970???
45.5%
1971???
45.5%
1982???
43.9%
1969???
40.9%
1976???
40.9%
1960???
27.3%

You're not logged in!

Compare scores with friends on all Sporcle quizzes.
Join for Free
OR
Log In

You Might Also Like...

Show Comments

Extras

Created Mar 23, 2017ReportNominate
Tags:NFL Quiz

Top Quizzes Today


Score Distribution

Your Account Isn't Verified!

In order to create a playlist on Sporcle, you need to verify the email address you used during registration. Go to your Sporcle Settings to finish the process.

Report this User

Report this user for behavior that violates our Community Guidelines.

Details: